| 000 | 00790nam a2200253 i 4500 | ||
|---|---|---|---|
| 001 | 000039070 | ||
| 003 | DO-SdBNP | ||
| 005 | 20240517090037.0 | ||
| 007 | ta | ||
| 008 | 130520s1990 bl a 000 0 spa d | ||
| 040 |
_aDO-SdBNP _bspa _cBNPHU _erda |
||
| 082 | _222 | ||
| 100 | 1 |
_aConcepción, Patria Quisqueya Ana _921542 _eautora |
|
| 245 | 1 | 0 |
_aLejanía / _cPatria Quisqueya Ana Concepción. |
| 246 | 1 | 4 | _aLejanía |
| 264 |
_aBrasil : _beditor no identiticado, _c1990. |
||
| 300 |
_a55 p.áginas : _bilustraciones ; _c23 cm. |
||
| 336 |
_2rdacontent _atexto _btxt |
||
| 337 |
_2rdamedia _asin mediación _bn |
||
| 338 |
_2rdacarrier _avolumen _bnc |
||
| 500 | _aIncluye datos biográficos del autor en la solapa de la cubierta. | ||
| 590 | _aInventariado, 2024/BT | ||
| 942 |
_2ddc _cLBS1 |
||
| 999 |
_c38560 _d38560 |
||